000 00303nam a22001337a 4500
008 170717b xxu||||| |||| 00| 0 eng d
020 _a9780800625672
041 _aeng
080 _a2
100 _a24
101 _aTEO
245 _aCHRISTIANITY IN THE SECOND CENTURY
_cWAGNER, W.H
942 _2udc
_cBK
999 _c21361
_d21361